[Event "Buenos Aires WOBRON"]
[Site "Buenos Aires"]
[Date "1971.??.??"]
[Round "1"]
[White "Rossetto, Hector"]
[Black "Bolbochan, Julio"]
[Result "1/2-1/2"]
[WhiteElo "2450"]
[BlackElo "2500"]

1.d4 Nf6 2.c4 c6 3.Nf3 d5 4.g3 Bf5 5.Nbd2 e6 6.Bg2 h6 7.O-O Be7 8.b3 Nbd7
9.Bb2 Ne4 10.Nxe4 Bxe4 11.Nd2 Bxg2 12.Kxg2 O-O 13.Qc2 Rc8 14.e4 dxe4 15.Nxe4 Qa5
16.f3 b5 17.Bc3 Qa6 18.c5 Nf6 19.a4 Nd5 20.Qd3 Rb8 21.b4 Rfd8 22.Bd2 Rd7  1/2-1/2

[Event "Rubinstein mem"]
[Site "Polanica Zdroj"]
[Date "1972.??.??"]
[Round "15"]
[White "Smejkal, Jan"]
[Black "Adamski, Jan"]
[Result "1-0"]
[WhiteElo "2545"]
[BlackElo "2370"]

1.d4 d5 2.c4 c6 3.Nf3 Nf6 4.Qb3 dxc4 5.Qxc4 Bf5 6.Nc3 Nbd7 7.Bf4 e6 8.g3 Nb6
9.Qb3 Bg4 10.Rd1 Bxf3 11.exf3 Nfd5 12.Bc1 a5 13.a3 Bd6 14.Ne4 O-O 15.Bg2 Be7
16.O-O f5 17.Nc5 a4 18.Qc2 Bxc5 19.dxc5 Nd7 20.Bd2 e5 21.Rfe1 Qe7 22.Bb4 Qf7
23.Bf1 Rfe8 24.Bc4 h6 25.Qd3 e4 26.Bxd5 cxd5 27.Qxd5 Ne5 28.Kg2 Nxf3 29.Qxf7+ Kxf7
30.Rd7+ Re7 31.Red1 Rxd7 32.Rxd7+ Kg8 33.Bc3 g5 34.Rg7+ Kf8 35.Rh7 Ra6 36.Rxb7 Rc6
37.Rb6 Rc7 38.Rf6+ Rf7 39.Rxh6 Rd7 40.Rf6+  1-0

[Event "IBM-B"]
[Site "Amsterdam"]
[Date "1973.??.??"]
[Round "1"]
[White "Sosonko, Gennadi"]
[Black "Romanishin, Oleg M"]
[Result "0-1"]
[WhiteElo "2430"]
[BlackElo "2445"]

1.d4 Nf6 2.c4 c6 3.Nf3 d5 4.Qb3 g6 5.cxd5 cxd5 6.Nc3 Bg7 7.Bg5 e6 8.e3 O-O
9.Be2 Nc6 10.h3 h6 11.Bf4 g5 12.Bh2 Ne4 13.Nxe4 dxe4 14.Nd2 e5 15.dxe5 Nxe5
16.Nxe4 Be6 17.Qa4 Nd3+ 18.Bxd3 Qxd3 19.Rd1 b5 20.Rxd3 bxa4 21.Nc5 Bc4 22.Rd6 Bb5
23.Kd2 Rfd8 24.Nb7 Rdb8 25.Nc5 Bf8 26.Kc3 Rc8 27.Kd4 Bxd6 28.Bxd6 Rc6 29.Ke5 Re8+
30.Kd5 Rd8  0-1

[Event "Australia op"]
[Site "Australia"]
[Date "1973.??.??"]
[Round "7"]
[White "Curtis, John"]
[Black "Hay, Trevor"]
[Result "0-1"]
[WhiteElo "2200"]
[BlackElo "2350"]

1.c4 Nf6 2.g3 c6 3.Nf3 d5 4.d4 dxc4 5.Bg2 b5 6.a4 Bb7 7.b3 cxb3 8.Qxb3 a6
9.O-O e6 10.Bb2 Nbd7 11.Nbd2 Be7 12.Rfd1 O-O 13.Ne5 Nd5 14.Nd3 Qb6 15.e4 N5f6
16.e5 Nd5 17.Ne4 a5 18.h4 Ba6 19.axb5 cxb5 20.Nec5 Nxc5 21.Nxc5 a4 22.Qa3 Bb7
23.Qf3 Bxc5 24.dxc5 Qxc5 25.h5 h6 26.Rac1 Qe7 27.Bf1 b4 28.Bd3 Nc3 29.Qe3 Nxd1
30.Rxd1 Rfd8 31.Re1 Qg5 32.Qe2 Rac8 33.Kh2  0-1

[Event "URS-chT"]
[Site "Riga"]
[Date "1975.??.??"]
[Round "?"]
[White "Alburt, Lev O"]
[Black "Chebanenko, Vecheslav"]
[Result "1/2-1/2"]
[WhiteElo "2420"]
[BlackElo "2410"]

1.d4 d5 2.Nf3 Nf6 3.c4 c6 4.Qc2 g6 5.Bf4 Bg7 6.e3 O-O 7.Nc3 Bf5 8.Qb3 Qb6
9.Qxb6 axb6 10.cxd5 Nxd5 11.Nxd5 cxd5 12.Kd2 Nc6 13.Bb5 Rfc8 14.Rhc1 f6 15.h3 Be4
16.Bg3 Bxf3 17.gxf3 Kf7 18.Rc3  1/2-1/2

[Event "URS-FL"]
[Site "Baku"]
[Date "1977.??.??"]
[Round "13"]
[White "Tukmakov, Vladimir B"]
[Black "Pereszupkin, Alexander"]
[Result "1-0"]
[WhiteElo "2540"]
[BlackElo "2395"]

1.d4 d5 2.c4 c6 3.Nf3 Nf6 4.Qc2 Bg4 5.Ne5 e6 6.Nxg4 Nxg4 7.e3 Bd6 8.g3 O-O
9.Nc3 e5 10.h3 Nf6 11.dxe5 Bxe5 12.Bd2 Na6 13.O-O-O Nc5 14.Kb1 Nfe4 15.Nxe4 Nxe4
16.Bb4 Qb6 17.Bxf8 Rxf8 18.Ka1 Nc5 19.cxd5 Na4 20.Rb1 Qa5 21.Bc4 cxd5 22.Bb3 Nb6
23.Rbc1 g6 24.Rhd1 Kg7 25.Kb1 Qb4 26.Qd2 Qe4+ 27.Rc2 Rd8 28.Qd3 Qb4 29.e4 a5
30.a3 dxe4 31.axb4 exd3 32.Rcd2 a4 33.Ba2 Rd4 34.Rxd3 Rxb4 35.R1d2 Bf6 36.Rc2 Bd4
37.Kc1 f5 38.Rc7+ Kh6 39.Rd2 Na8 40.Rc4 Rxc4+ 41.Bxc4 Bc5 42.Bd5 a3 43.bxa3 Bxa3+
44.Kd1 Nc7 45.Bxb7 Ne8 46.Rd7 Nf6 47.Rf7 Bb2 48.Ke2 Bd4 49.f4 Bc3 50.Ba6 Bd4
51.Kf3 Bc3 52.Bd3 Bb2 53.g4 fxg4+ 54.hxg4 g5 55.f5 Bc3 56.Be2 Bb2 57.Ke3 Be5
58.Bf3 Bb2 59.Kd3 Be5 60.Kc4  1-0

[Event "Birmingham"]
[Site "Birmingham"]
[Date "1977.??.??"]
[Round "7"]
[White "Basman, Michael J"]
[Black "Luginbuhl, G."]
[Result "0-1"]
[WhiteElo "2390"]
[BlackElo "2365"]

1.d4 d5 2.Nf3 Nf6 3.c4 c6 4.Nbd2 e6 5.Qc2 c5 6.dxc5 Bxc5 7.cxd5 Qc7 8.e3 Nxd5
9.a3 Bxe3 10.Qa4+ Bd7 11.Qg4 Bh6 12.Nc4 Nf6 13.Qh4 Bxc1 14.Rxc1 O-O 15.Rc3 Nd5
16.Ng5 h6 17.Rg3 Qf4 18.Qxf4 Nxf4 19.Ne4 Bc6 20.Nc3 Rd8 21.h4 Nd7 22.Na5 Rac8
23.Rg4 e5 24.h5 Nf6 25.Nxc6 Rxc6 26.Rgh4 Ne4 27.g3 Nxc3 28.bxc3 Ne6 29.Rc4 Rdc8
30.Rhh4 Rxc4 31.Bxc4 Ng5 32.Ke2 Rc5 33.f4 Rxc4 34.Kd3 Nf3 35.Kxc4 Nxh4 36.fxe5 Nf5
37.g4 Ne3+ 38.Kc5 Nxg4 39.Kd6 Nxe5 40.Kxe5 g6  0-1

[Event "Snekkersten"]
[Site "Snekkersten"]
[Date "1977.??.??"]
[Round "1"]
[White "Larsen, Ole"]
[Black "Ros, Aksel"]
[Result "1-0"]
[WhiteElo "2200"]
[BlackElo "2200"]

1.d4 d5 2.c4 c6 3.Nf3 Nf6 4.Qc2 g6 5.cxd5 cxd5 6.Bf4 Nc6 7.Nc3 Bg7 8.e3 O-O
9.Be2 Bf5 10.Qb3 b6 11.Ne5 Na5 12.Qa4 a6 13.Nc6 Nxc6 14.Qxc6 Ra7 15.Qa4 Ne4
16.Nxe4 Bxe4 17.O-O Qa8 18.Qb4 b5 19.Rfc1 Rc8 20.Rc3 Bf8 21.Rac1 Rxc3 22.Qxc3 Bf5
23.a3 Qb7 24.Qa5 Qd7 25.h3 h6 26.b4 g5 27.Be5 Bg7 28.Bc7 Rb7 29.a4 Kh7 30.axb5 axb5
31.Rc5 e5 32.Bxb5 Qe7 33.Bxe5 Bxe5 34.dxe5 Qxe5 35.Bc6 Rc7 36.Rxd5 Qe7 37.Rd7  1-0

[Event "JUG-34ch"]
[Site "Bjelovar"]
[Date "1979.??.??"]
[Round "3"]
[White "Notaros, Krasoje"]
[Black "Karaklajic, Nikola"]
[Result "0-1"]
[WhiteElo "2370"]
[BlackElo "2460"]

1.Nf3 Nf6 2.g3 d5 3.c4 c6 4.d4 Bf5 5.Bg2 e6 6.O-O Be7 7.Qb3 Qb6 8.Nbd2 Nbd7
9.c5 Qxb3 10.Nxb3 a5 11.Bd2 a4 12.Na5 Ra7 13.Rfc1 Ne4 14.Be1 O-O 15.b4 Bd8
16.e3 g5 17.h3 h5 18.Nh2 Bc7 19.Bf1 g4 20.h4 e5 21.Be2 Re8 22.Kf1 exd4 23.exd4 Nf8
24.Rd1 Ne6 25.a3 Bg6 26.Kg2 f5 27.f3 Nf6 28.Ra2 f4 29.fxg4 Be4+ 30.Bf3 Bxf3+
31.Kxf3 Nxd4+ 32.Rxd4 Rxe1 33.gxf4 Bxa5 34.bxa5 Rxa5 35.f5 Ne4 36.g5 Rxc5
37.Rxa4 Rc3+ 38.Kf4 Rh3 39.Ra8+ Kg7 40.f6+ Kh7 41.Rg2 Rxh4+ 42.Kf3 Kg6 43.f7 d4
44.f8=N+ Kf5 45.Ra5+ b5 46.Rb2 Rh3+  0-1

[Event "Hastings8182"]
[Site "Hastings"]
[Date "1981.??.??"]
[Round "11"]
[White "Lein, Anatoly"]
[Black "Smyslov, Vassily"]
[Result "1/2-1/2"]
[WhiteElo "2510"]
[BlackElo "2580"]

1.d4 d5 2.c4 c6 3.Nf3 Nf6 4.Qc2 g6 5.Bf4 Bf5 6.Qb3 Qb6 7.c5 Qxb3 8.axb3 Nbd7
9.b4 Bg7 10.h3 Bxb1 11.Rxb1 O-O 12.e3 a6 13.Bd3 Ne8 14.Bh2 Rc8 15.g4 Nc7
16.g5 Rfe8 17.Kd2 e5 18.Nxe5 Nxe5 19.dxe5 Bxe5 20.f4 Bg7 21.h4  1/2-1/2

[Event "Hradec Kralove"]
[Site "Hradec Kralove"]
[Date "1981.??.??"]
[Round "7"]
[White "Lebredo, Gerardo"]
[Black "Meduna, Eduard"]
[Result "1/2-1/2"]
[WhiteElo "2375"]
[BlackElo "2485"]

1.d4 d5 2.c4 c6 3.Nf3 Nf6 4.Qb3 Qb6 5.Nc3 Na6 6.c5 Qxb3 7.axb3 Bf5 8.e3 Nc7
9.b4 a6 10.Ne5 e6 11.f3 h5 12.Be2 Be7 13.O-O h4 14.e4 Bh7 15.Bf4 Rc8 16.Bg5 Nd7
17.Bxe7 Kxe7 18.Nxd7 Kxd7 19.h3 Ke7 20.e5  1/2-1/2

[Event "Lone Pine op"]
[Site "Lone Pine"]
[Date "1981.??.??"]
[Round "?"]
[White "Alburt, Lev O"]
[Black "Donaldson, John W"]
[Result "1-0"]
[WhiteElo "2575"]
[BlackElo "2340"]

1.d4 d5 2.c4 c6 3.Nf3 Nf6 4.Qc2 g6 5.Bf4 Bg7 6.e3 O-O 7.Nc3 Be6 8.Ng5 Bf5
9.Qb3 Qb6 10.h3 h6 11.Nf3 Nbd7 12.Be2 dxc4 13.Bxc4 Qxb3 14.Bxb3 g5 15.Bh2 c5
16.O-O cxd4 17.Nxd4 Bg6 18.Nd5 Nxd5 19.Bxd5 e5 20.Nb3 Rab8 21.Na5 Nb6 22.Bxb7 Nc4
23.Nxc4 Rxb7 24.Rfd1 f6 25.b3 Ra8 26.f4 exf4 27.exf4 Bf8 28.fxg5 hxg5 29.Bd6 Bf7
30.Bxf8 Bxc4 31.Bc5 Be6 32.Rd6 Kf7 33.Re1 Re8 34.Ra6 f5 35.Bxa7 g4 36.hxg4 fxg4
37.Bd4 Rd7 38.Rf1+ Kg8 39.Rf4 Rd5 40.Kf2 Rg5 41.Kg3 Bf7 42.Rh6  1-0

[Event "Malaga"]
[Site "Malaga"]
[Date "1981.??.??"]
[Round "10"]
[White "Csom, Istvan"]
[Black "Bellon Lopez, Juan Manuel"]
[Result "1-0"]
[WhiteElo "2500"]
[BlackElo "2415"]

1.d4 d5 2.Nf3 c6 3.Nbd2 Nf6 4.c4 e6 5.e3 Nbd7 6.Bd3 Bd6 7.O-O O-O 8.e4 dxe4
9.Nxe4 Nxe4 10.Bxe4 Nf6 11.Bc2 c5 12.Bg5 h6 13.Bh4 cxd4 14.Qxd4 g5 15.Rad1 Bxh2+
16.Kxh2 Qxd4 17.Rxd4 gxh4 18.Ne5 b6 19.Rxh4 Bb7 20.Re1 Rfd8 21.Rf4 Rd2 22.Rxf6 Rxc2
23.Re3 Rf8 24.Rg3+ Kh7  1-0

[Event "Sokolsky mem"]
[Site "Minsk"]
[Date "1981.??.??"]
[Round "14"]
[White "Shereshevski, Mikhail"]
[Black "Gavrikov, Viktor"]
[Result "0-1"]
[WhiteElo "2420"]
[BlackElo "2365"]

1.d4 d5 2.c4 c6 3.Nf3 Nf6 4.Qc2 dxc4 5.Qxc4 Bf5 6.g3 e6 7.Bg2 Be7 8.O-O Nbd7
9.Nc3 O-O 10.Qb3 Qb6 11.Qxb6 axb6 12.Nh4 Bc2 13.Bd2 h6 14.Rfc1 Bh7 15.Nf3 b5
16.a3 Nb6 17.Ne5 Na4 18.Nd1 Rfd8 19.e3 Ne4 20.Be1 f6 21.Nf3 Kf7 22.Kf1 g5
23.Ng1 e5 24.f3 Nd6 25.dxe5 fxe5 26.b3 Nb6 27.e4 Ne8 28.Bf2 Ra6 29.Ne3 Bxa3
30.Rc2 Nd7 31.Bh3 Ndf6 32.Be1 Rd3 33.Rc3 Bb2 34.Rxd3 Rxa1 35.Bc8 Ra7 36.g4 Bd4
37.Nf5 Bxf5 38.gxf5 Ke7 39.Ne2 Bc5 40.h4 Nd6 41.hxg5 hxg5 42.Be6 Ra1 43.Nc3 Nh5
44.Rd1 Rxd1 45.Nxd1 Nf4 46.Bg8 Kf8 47.b4 Kxg8 48.bxc5 Nc4 49.Bc3 Nd3 50.Ke2 Nxc5
51.Ne3 Nxe3  0-1

[Event "Moscow-4teams"]
[Site "Moscow"]
[Date "1981.??.??"]
[Round "?"]
[White "Kochyev, Alexander"]
[Black "Kupreichik, Viktor D"]
[Result "1/2-1/2"]
[WhiteElo "2540"]
[BlackElo "2575"]

1.d4 d5 2.c4 c6 3.Nf3 Nf6 4.Qc2 e6 5.g3 Nbd7 6.Bg2 Ne4 7.Nc3 Bb4 8.O-O Bxc3
9.bxc3 Qa5 10.cxd5 exd5 11.c4 O-O 12.Bd2 Qa6 13.Rfc1 Re8 14.Be1 Nb6 15.cxd5 cxd5
16.Qd3 Nc4 17.Ne5 b5 18.a4 Qb7 19.axb5 Nxe5 20.dxe5 Rxe5 21.Qd4 Re8 22.Ra5 Bd7
23.Rca1 Bxb5 24.Rxa7 Rxa7 25.Rxa7 Qc6 26.e3 h6 27.h4  1/2-1/2

[Event "Santiago"]
[Site "Santiago"]
[Date "1981.??.??"]
[Round "8"]
[White "Alburt, Lev O"]
[Black "Guimard, Carlos E"]
[Result "1/2-1/2"]
[WhiteElo "2580"]
[BlackElo "2400"]

1.d4 d5 2.c4 c6 3.Nf3 Nf6 4.Qc2 g6 5.Bf4 Bg7 6.e3 O-O 7.Nc3 dxc4 8.Bxc4 Nd5
9.Bg5 Nxc3 10.bxc3 Nd7 11.O-O Qe8 12.Bb3 Kh8 13.Rad1 Nb6 14.h3 f6 15.Bh4 g5
16.Bg3 g4 17.hxg4 Bxg4 18.e4 Qh5 19.c4 f5 20.exf5 Bxf5 21.Qe2 Bg4 22.Rd3 Rf6
23.Be5 Rg6 24.Bxg7+ Rxg7 25.Qe5 Bxf3 26.Rxf3 Qxf3 27.Qxg7+ Kxg7 28.gxf3 Rd8
29.Re1 Kf6 30.Re4 c5 31.Rf4+ Kg5 32.Rg4+ Kf6 33.dxc5 Nd7 34.Rf4+ Kg7 35.Rd4 Kf6
36.Kh2 e6 37.Ba4 Ke7 38.c6 bxc6 39.Bxc6 Ne5 40.Rxd8 Kxd8 41.Be4 h6 42.c5 Kc7
43.f4 Nd7 44.c6 Nb8 45.Kg3 Nxc6 46.f5 exf5 47.Bxf5 Kd6 48.Kf4  1/2-1/2

[Event "Beersheba"]
[Site "Beersheba"]
[Date "1982.??.??"]
[Round "8"]
[White "Pasman, Michael"]
[Black "Lein, Anatoly"]
[Result "1/2-1/2"]
[WhiteElo "2310"]
[BlackElo "2485"]

1.d4 d5 2.c4 c6 3.Nf3 Nf6 4.Nbd2 Bf5 5.g3 e6 6.Bg2 h6 7.O-O Be7 8.b3 O-O
9.Bb2 Nbd7 10.Ne5 Rc8 11.Re1 Rc7 12.e3 Ne4 13.Nxe4 Bxe4 14.Bxe4 dxe4 15.Qc2 f5
16.Rad1 Qe8 17.Qc1 h5 18.Ba3 Nxe5 19.dxe5 c5 20.Rd2 Qg6 21.Qd1 Rfc8 22.Rd7 Qg4
23.Rxc7 Rxc7 24.Kg2 Kf7 25.Qxg4 fxg4 26.Rd1 Ke8 27.h3 gxh3+ 28.Kxh3 g5 29.Kg2 Kf7
30.g4 h4 31.f3 exf3+ 32.Kxf3 Ke8 33.Ke2 b5 34.cxb5 Rb7 35.Rc1 Rxb5 36.Bb2 Ra5
37.a4 Ra6 38.Ba3 Rc6 39.Kf3 Rc7 40.Ke4 Bf8 41.Kf3 Be7 42.Ke2 Rc8 43.Rc3 Kd7
44.e4 c4 45.Bxe7 Kxe7 46.bxc4 Rh8 47.Kf2 Rf8+ 48.Ke3 Kd7 49.Rc1 Kc6 50.Kd3 h3
51.Rh1 Rb8 52.Kd4 Rb3 53.Rh2 Kb6 54.Rh1 Kc6 55.Rh2 a5 56.Rh1 Rg3 57.Rh2 Rxg4
58.Rxh3 Rg1 59.Rh6 Rd1+  1/2-1/2

[Event "Elekes mem-B"]
[Site "Budapest"]
[Date "1982.??.??"]
[Round "?"]
[White "Schneider, Attila"]
[Black "Navarovszky, Laszlo"]
[Result "1/2-1/2"]
[WhiteElo "2365"]
[BlackElo "2360"]

1.d4 d5 2.c4 c6 3.Nf3 Nf6 4.Qc2 g6 5.Bf4 Bg7 6.e3 O-O 7.Nc3 Bf5 8.Qb3 Qb6
9.Qxb6 axb6 10.cxd5 Nxd5 11.Nxd5 cxd5 12.Kd2 Rc8 13.Bd3  1/2-1/2

[Event "Elekes mem-B"]
[Site "Budapest"]
[Date "1982.??.??"]
[Round "?"]
[White "Schneider, Attila"]
[Black "Paoli, Enrico"]
[Result "1-0"]
[WhiteElo "2365"]
[BlackElo "2220"]

1.d4 d5 2.c4 c6 3.Nf3 Nf6 4.Qc2 e6 5.g3 Be7 6.Bg2 b6 7.b3 Bb7 8.O-O Nbd7
9.Rd1 Rc8 10.Nc3 O-O 11.e4 dxe4 12.Nxe4 Nxe4 13.Qxe4 Nf6 14.Qe2 Rc7 15.Bf4 Rd7
16.Ne5 Rd6 17.Rd3 Qa8 18.g4 c5 19.Bxb7 Qxb7 20.g5 Qe4 21.Qf3  1-0

[Event "Elekes mem-B"]
[Site "Budapest"]
[Date "1982.??.??"]
[Round "?"]
[White "Navarovszky, Laszlo"]
[Black "Paoli, Enrico"]
[Result "1-0"]
[WhiteElo "2360"]
[BlackElo "2220"]

1.d4 d5 2.c4 c6 3.Nf3 Nf6 4.Nbd2 e6 5.e3 Nbd7 6.Bd3 Bd6 7.O-O O-O 8.e4 dxe4
9.Nxe4 Nxe4 10.Bxe4 Nf6 11.Bc2 c5 12.Bg5 h6 13.Bh4 cxd4 14.Qxd4 Be7 15.Qc3 Qc7
16.Rad1 b6 17.Ne5 Bb7 18.Bxf6 Bxf6 19.Qd3 Rfd8 20.Nd7  1-0

[Event "Caorle op"]
[Site "Caorle"]
[Date "1982.??.??"]
[Round "4"]
[White "Cussac, Jean Louis"]
[Black "Amovilli, Mauro"]
[Result "1/2-1/2"]
[WhiteElo "2000"]
[BlackElo "2015"]

1.d4 d5 2.Nf3 c6 3.c4 dxc4 4.a4 b5 5.e3 Qb6 6.b3 cxb3 7.axb5 cxb5 8.Qxb3 b4
9.Nc3 e6 10.Na4 Qb7 11.Bd2 Nf6 12.Rc1 Ne4 13.Ne5 Nd7 14.Nc4 Ndf6 15.Na5 Qd5
16.Qxd5 Nxd5 17.f3 Nxd2 18.Kxd2 Bd7 19.Nc5 Bxc5 20.Rxc5 Rc8 21.Ba6 Rxc5 22.dxc5 Ke7
23.c6 Bc8 24.Bb7 Kd6 25.Ra1 Bxb7 26.cxb7 Rb8 27.e4 Nc3 28.Kd3 Kc5 29.Nb3+ Kb6
30.Kc4 Rxb7 31.Nc5 b3 32.Ra6+ Kc7 33.Nxb3 Nb5  1/2-1/2

[Event "Caorle op"]
[Site "Caorle"]
[Date "1982.??.??"]
[Round "5"]
[White "Rajkovic, Dusan"]
[Black "Sandic, Vladeta"]
[Result "1-0"]
[WhiteElo "2460"]
[BlackElo "2135"]

1.d4 d5 2.c4 c6 3.Nf3 Nf6 4.Nbd2 Bf5 5.g3 e6 6.Bg2 h6 7.O-O Nbd7 8.Re1 Bd6
9.Nh4 Bh7 10.e4 dxe4 11.Nxe4 Nxe4 12.Bxe4 Bxe4 13.Rxe4 O-O 14.b3 a5 15.a4 Nf6
16.Re3 b5 17.axb5 cxb5 18.Nf3 a4 19.bxa4 bxc4 20.Rc3 Nd5 21.Rxc4 Ra6 22.Bd2 Qd7
23.a5 f6 24.Qc2 Bc7 25.Ne1 Ra7 26.Nd3 Bb6 27.Raa4 Rfa8 28.Nc5 Bxc5 29.Rxc5 Ne7
30.Qc4 Rd8 31.a6 Nd5 32.Rc6 Kf7 33.Be3 Rb8 34.Ra1 g5 35.Qc2 f5 36.Qc5 Kf6
37.Rd6 Qe7 38.Qxd5 Rd8  1-0

[Event "Gausdal Int"]
[Site "Gausdal"]
[Date "1982.??.??"]
[Round "3"]
[White "Tisdall, Jonathan D"]
[Black "Shamkovich, Leonid"]
[Result "1/2-1/2"]
[WhiteElo "2435"]
[BlackElo "2490"]

1.d4 d5 2.Nf3 c6 3.c4 dxc4 4.a4 Nf6 5.Nc3 Bg4 6.Ne5 Bh5 7.g3 e6 8.Bg2 Be7
9.O-O O-O 10.Nxc4 Na6 11.h3 Qc8 12.Qb3 Rd8 13.Rd1 Nb4 14.a5 Bg6 15.e4 c5
16.Be3 cxd4 17.Bxd4 Nc2 18.Qxc2 Qxc4 19.Ra4 Qc7 20.Rda1 e5 21.Be3 Nd5 22.Qc1 Nxe3
23.Qxe3 Bc5 24.Qe2 a6 25.Nd5 Qd6 26.Rc1 Bd4 27.Rac4 Rd7 28.Rc8+ Rxc8 29.Rxc8+ Rd8
30.Qc4 h5 31.b4 Kh7 32.Qc7 Rd7 33.Qxd6 Rxd6 34.Rc7 b6 35.axb6 Bxb6 36.Rb7 Bd4
37.h4  1/2-1/2

[Event "Havana"]
[Site "Havana"]
[Date "1982.??.??"]
[Round "5"]
[White "Lebredo, Gerardo"]
[Black "Nogueiras, Jesus"]
[Result "0-1"]
[WhiteElo "2345"]
[BlackElo "2495"]

1.d4 d5 2.c4 c6 3.Nf3 Nf6 4.Qb3 dxc4 5.Qxc4 Bg4 6.Nc3 Nbd7 7.e4 e6 8.Be3 Be7
9.Be2 O-O 10.O-O b5 11.Qxc6 b4 12.Na4 Rc8 13.Qa6 Nxe4 14.Rac1 Rxc1 15.Rxc1 Ng5
16.Nxg5 Bxe2 17.Qxe2 Bxg5 18.Qb5 Bxe3 19.fxe3 a5 20.Nc5 Qg5 21.Qd3 Rc8 22.Rc2 Nb6
23.a3 h6 24.Ne4 Qd8 25.axb4 axb4 26.Rxc8 Qxc8 27.Nc5 Qa8 28.Qa6 Qd8 29.Qa5 Qg5
30.Qxb6 Qxe3+ 31.Kf1 Qc1+ 32.Ke2 Qxb2+ 33.Ke3 Qc1+ 34.Kf3 Qc3+ 35.Ke2 Qxd4
36.Qb5 Qe5+ 37.Kf2 b3 38.Qb4 Qf5+ 39.Ke2 Qc2+ 40.Qd2 Qxc5  0-1

[Event "Luzern ol (Men)"]
[Site "Luzern"]
[Date "1982.??.??"]
[Round "1"]
[White "Suba, Mihai"]
[Black "Dienavorian, Manuel"]
[Result "1-0"]
[WhiteElo "2525"]
[BlackElo "2265"]

1.d4 d5 2.c4 c6 3.Nf3 Nf6 4.Qc2 g6 5.Bf4 Bf5 6.Qb3 Qb6 7.e3 Bxb1 8.Rxb1 Qxb3
9.axb3 e6 10.Bd3 Nbd7 11.h3 Bg7 12.Bd6 Bf8 13.Bh2 Bg7 14.Ra1 O-O 15.Ra4 a6
16.c5 Rfc8 17.Ke2 Ne8 18.Rb4 Ra7 19.g4 Nc7 20.g5 e5 21.Nxe5 Bxe5 22.Bxe5 Nxe5
23.dxe5 Ne6 24.h4 Nxc5 25.h5 Nxd3 26.Kxd3 b5 27.hxg6 fxg6 28.Rbh4 c5 29.b4 cxb4
30.Rxb4 Rc4 31.Rb3 Rf7 32.Rf1 d4 33.Ra3 dxe3 34.Kxe3 Rff4 35.f3 Ra4 36.Rc1 Rxa3+
37.bxa3 Ra4 38.e6 Kf8 39.Rc7 b4 40.axb4 Rxb4 41.Rxh7 Rb6 42.Rf7+ Ke8 43.Rf6 a5
44.Rxg6 a4 45.Rg8+ Ke7 46.Ra8  1-0

[Event "Luzern ol (Men)"]
[Site "Luzern"]
[Date "1982.??.??"]
[Round "5"]
[White "Schussler, Harry"]
[Black "Ravisekhar, Raja"]
[Result "1/2-1/2"]
[WhiteElo "2495"]
[BlackElo "2400"]

1.d4 d5 2.Nf3 Nf6 3.c4 c6 4.Qb3 Qb6 5.Nc3 Qxb3 6.axb3 e6 7.Bf4 Nbd7 8.e3 Be7
9.c5 O-O 10.b4 b5 11.Bd3 Bb7 12.h3 a6 13.Kd2 Rfe8 14.Ne2 Ne4+ 15.Bxe4 dxe4
16.Ne5 Nf8 17.f3 f6 18.Ng4 exf3 19.gxf3 Ng6 20.Bg3 Rad8 21.Kc2 Bf8 22.Nf4 Nxf4
23.Bxf4 Rd5 24.Bg3  1/2-1/2

[Event "Luzern ol (Men)"]
[Site "Luzern"]
[Date "1982.??.??"]
[Round "11"]
[White "Santos, Jose P"]
[Black "Dienavorian, Manuel"]
[Result "1/2-1/2"]
[WhiteElo "2365"]
[BlackElo "2265"]

1.d4 d5 2.c4 c6 3.Nf3 Nf6 4.Nbd2 Bf5 5.Qb3 Qb6 6.e3 e6 7.Ne5 Nbd7 8.cxd5 exd5
9.Qxb6 axb6 10.Bd3 Bxd3 11.Nxd3 g6 12.b4 b5 13.Bb2 Bg7 14.Nc5 Ra7 15.Kd1 O-O
16.Nxd7 Nxd7 17.Kc2 Nb6 18.Rhe1 f5 19.a3 Raa8  1/2-1/2

[Event "Bor"]
[Site "Bor"]
[Date "1983.??.??"]
[Round "10"]
[White "Kurajica, Bojan"]
[Black "Inkiov, Ventzislav"]
[Result "1/2-1/2"]
[WhiteElo "2525"]
[BlackElo "2500"]

1.d4 d5 2.Nf3 Nf6 3.c4 c6 4.Nbd2 e6 5.e3 c5 6.cxd5 exd5 7.Bb5+ Bd7 8.Bxd7+ Nbxd7
9.O-O Bd6 10.b3 O-O 11.Bb2 Re8 12.Rc1 Rc8 13.dxc5 Nxc5 14.Nb1  1/2-1/2

[Event "Frunze"]
[Site "Frunze"]
[Date "1983.??.??"]
[Round "?"]
[White "Schneider, Attila"]
[Black "Mokry, Karel"]
[Result "1/2-1/2"]
[WhiteElo "2385"]
[BlackElo "2435"]

1.d4 d5 2.c4 c6 3.Nf3 Nf6 4.Qc2 g6 5.Bf4 Bg7 6.e3 O-O 7.Nc3 Bg4 8.Ne5 Be6
9.cxd5 cxd5 10.Be2 Qa5 11.O-O Rc8 12.Qb3  1/2-1/2

[Event "Frunze"]
[Site "Frunze"]
[Date "1983.??.??"]
[Round "?"]
[White "Schneider, Attila"]
[Black "Imanaliev, Taalaibek"]
[Result "1/2-1/2"]
[WhiteElo "2385"]
[BlackElo "2200"]

1.d4 d5 2.c4 c6 3.Nf3 Nf6 4.Qc2 e6 5.g3 Be7 6.Bg2 O-O 7.O-O b6 8.b3 Bb7 9.Nc3 Nbd7
10.Rd1 Rc8 11.e4 dxe4 12.Nxe4 Nxe4 13.Qxe4 Ba8 14.Qe2 Bf6 15.Bb2 Qc7 16.Ne5 Nxe5
17.dxe5 Be7 18.Rd3 c5 19.Bxa8 Rxa8 20.Rad1 Rad8 21.Qe4 Rxd3 22.Rxd3 Rd8 23.Kf1 Rxd3
24.Qxd3 Qd8 25.Ke2 Qxd3+ 26.Kxd3 h5 27.Bc1 Kf8 28.Ke4 Ke8 29.f3 Kf8 30.Be3 Kg8
31.h3 Kh7 32.Bd2 Kg8 33.a3 a5 34.Be3 Kf8 35.Bf2 Bd8 36.f4 g6 37.g4 hxg4 38.hxg4 Ke8
39.f5 gxf5+ 40.gxf5 Bg5 41.fxe6 fxe6 42.Be3 Bxe3 43.Kxe3 Kf7 44.Kf3 Kg7 45.Kg4 Kg6
46.a4 Kh6  1/2-1/2

[Event "Marshall CC-ch"]
[Site "New York"]
[Date "1983.??.??"]
[Round "6"]
[White "Zaltsman, Vitaly F"]
[Black "Shipman, Walter"]
[Result "1-0"]
[WhiteElo "2445"]
[BlackElo "2395"]

1.d4 d5 2.c4 c6 3.Nf3 Nf6 4.Qc2 dxc4 5.Qxc4 Bf5 6.g3 e6 7.Bg2 Nbd7 8.O-O Nb6
9.Qb3 Be7 10.Nc3 O-O 11.Rd1 Nfd5 12.Ne5 f6 13.Nd3 Bg4 14.f3 Bh5 15.Nc5 Qc8
16.e4 Nxc3 17.Qxc3 e5 18.Be3 exd4 19.Bxd4 Bf7 20.b3 Rd8 21.Be3 Bxc5 22.Qxc5 Rd7
23.Bf1 Qc7 24.Qa5 Be6 25.Rxd7 Bxd7 26.Bc4+ Kh8 27.Rd1 Re8 28.Bf1 f5 29.Qxa7 Nc8
30.Qd4 Be6 31.Bh3 Qf7 32.Bxf5 Bxf5 33.exf5 Qxf5 34.Qd7 Qf8 35.Kf2 Re7 36.Qd8 Re8
37.Qc7 h6 38.Rd2 Qf5 39.Qd7 Qe5 40.Qd4 Qh5 41.Kg2 Ne7 42.g4 Qg6 43.Qd6 Qf7
44.Qd7 Rf8 45.f4 g5 46.f5 h5 47.Re2 Nd5 48.Qxf7 Rxf7 49.Bxg5 hxg4 50.Re5 b5
51.Kg3 Ra7 52.Re6 Rxa2 53.Rxc6 Rb2 54.Kxg4 Rxb3 55.Rc5 Rb4+ 56.Kh5 Nf4+ 57.Kh6 Kg8
58.h4 Kf7 59.Rc7+ Kg8 60.Rg7+ Kh8 61.Bf6 Nd5 62.Rg4+  1-0

[Event "Yerevan op"]
[Site "Yerevan"]
[Date "1983.??.??"]
[Round "5"]
[White "Alexeev, Anatoly V"]
[Black "Veltmander, Ioganess"]
[Result "1-0"]
[WhiteElo "2200"]
[BlackElo "2200"]

1.d4 d5 2.c4 c6 3.Nf3 Nf6 4.Qc2 g6 5.Bf4 Bf5 6.Qb3 Qb6 7.c5 Qxb3 8.axb3 Bxb1
9.Rxb1 Nbd7 10.h3 Bg7 11.e3 O-O 12.b4 a6 13.Bd3 Ne8 14.Kd1 f6 15.Nd2 e5 16.Bh2 Nc7
17.Nb3 Ne6 18.Kc2 f5 19.Kc3 f4 20.Rhf1 exd4+ 21.exd4 a5 22.bxa5 Ndxc5 23.Nxc5 Bxd4+
24.Kc2 Nxc5 25.b4 Ne4 26.f3 Nd6 27.Rfe1 Be3 28.Rxe3 fxe3 29.Bxd6 Rfe8 30.Bc5 Re6
31.Kd1 h5 32.Ke2 h4 33.f4 Rae8 34.Rf1 Kg7 35.f5 gxf5 36.Bxf5 Rh6 37.Rf4 Kg8
38.Bd4 Re7 39.Rg4+ Kf7 40.Rg7+ Kf8 41.Rxe7 Kxe7 42.Kxe3 Kf7 43.Be5 Ke7 44.Kf4 c5
45.bxc5 Ra6 46.Bc3 Rc6 47.Ke5 Kf7 48.Kxd5  1-0

[Event "URS-ch sf"]
[Site "Barnaul"]
[Date "1984.??.??"]
[Round "?"]
[White "Kharitonov, Andrei Y"]
[Black "Gorelov, Sergey G"]
[Result "1/2-1/2"]
[WhiteElo "2455"]
[BlackElo "2445"]

1.d4 d5 2.Nf3 c6 3.c4 Nf6 4.Qc2 dxc4 5.Qxc4 Bf5 6.g3 Nbd7 7.Bg2 e6 8.O-O Be7
9.Nbd2 O-O 10.Qb3 Qb6 11.Nh4 Qxb3 12.Nxb3 Be4 13.Na5 Bxg2 14.Nxg2 c5 15.Nxb7 cxd4
16.Rd1 e5 17.e3 Rab8 18.Na5 dxe3 19.Nxe3 Rfc8 20.b3 Bb4 21.Nac4 Bc3 22.Bb2 Bxb2
23.Nxb2 Nb6 24.Nbc4 Nfd7 25.Rd2 f6 26.Nd6 Rc6 27.Rad1 g6 28.Nb5 a6 29.Rd6 Rxd6
30.Nxd6 Kf8 31.Rc1 a5 32.Rc6 a4 33.b4 a3 34.Rc3 f5 35.Rxa3 Ke7 36.Rd3 e4
37.Rd1 Ra8 38.g4 f4 39.Nf1 Rxa2 40.Nxe4 Ne5 41.Kg2 Rb2 42.Rd4 Nxg4  1/2-1/2